| 000 | 00422pab a2200157 454500 | ||
|---|---|---|---|
| 008 | 180718b2004 xxu||||| |||| 00| 0 eng d | ||
| 100 | _aKishore, Avinash | ||
| 245 | _aUnderstanding agrarian impasse in Bihar | ||
| 260 | _c2004 | ||
| 300 | _ap.3484-491. | ||
| 362 | _a31 Jul | ||
| 650 | _aAgrarian structure - India - Bihar | ||
| 650 | _aAgrarian structure | ||
| 773 | _aEconomic and Political Weekly | ||
| 909 | _a61958 | ||
| 999 |
_c61958 _d61958 |
||